Στοιχεία δημογραφίας

Αποθηκεύτηκε σε:
Λεπτομέρειες βιβλιογραφικής εγγραφής
Κύριος συγγραφέας: Κοτζαμάνης, Βύρων
Συγγραφή απο Οργανισμό/Αρχή: Πανεπιστήμιο Θεσσαλίας. Πολυτεχνική Σχολή. Τμήμα Μηχανικών Χωροταξίας, Πολεοδομίας και Περιφερειακής Ανάπτυξης. Εργαστήριο Δημογραφικών και Κοινωνικών Αναλύσεων
Μορφή: Βιβλίο
Γλώσσα:Greek
Δημοσίευση: [Βόλος] : Πανεπιστημιακές Εκδόσεις Θεσσαλίας, 2009.
Θέματα:
Ετικέτες: Προσθήκη ετικέτας
Δεν υπάρχουν, Καταχωρήστε ετικέτα πρώτοι!

MARC

LEADER 00000cam a2200000 i 4500
001 1/5143
008 100302s2009 gr | ||| |||| ||gre||
020 |a 9789608029972 
035 |l 10107059 
040 |a GR-MyUA  |b gre  |e AACR2 
041 0 |a gre 
082 0 |a 304.609495  |2 (22) 
100 1 |a Κοτζαμάνης, Βύρων. 
245 1 0 |a Στοιχεία δημογραφίας /   |c Βύρων Κοτζαμάνης ; Πανεπιστήμιο Θεσσαλίας, Τμήμα Μηχανικών Χωροταξίας, Πολεοδομίας και Περιφερειακής Ανάπτυξης - Εργαστήριο Δημογραφικών και Κοινωνικών Αναλύσεων.  
260 |a [Βόλος] :   |b Πανεπιστημιακές Εκδόσεις Θεσσαλίας,   |c 2009.  
300 |a 168 σ. ;   |c 24 εκ.  
504 |a Περιλαμβάνει βιβλιογραφικές αναφορές.  
650 0 0 |a Demographic surveys  |z Greece. 
650 0 0 |a Population geography  |z Greece. 
710 2 |a Πανεπιστήμιο Θεσσαλίας.   |b Πολυτεχνική Σχολή.   |b Τμήμα Μηχανικών Χωροταξίας, Πολεοδομίας και Περιφερειακής Ανάπτυξης.   |b Εργαστήριο Δημογραφικών και Κοινωνικών Αναλύσεων. 
852 |a INST  |b LESVOS  |e 20100419  |h 304.609495 ΚΟΤ  |p 005100046893  |q 005100046893  |t BK  |y 0 
852 |a INST  |b LESVOS  |e 20100419  |h 304.609495 ΚΟΤ  |p 005100046894  |q 005100046894  |t BK  |y 0 
852 |a INST  |b LESVOS  |c EUDOXUS  |e 20140121  |h 304.609495 ΚΟΤ  |p 005100052672  |q 005100052672  |t EDX  |y 0 
852 |a INST  |b RHODES  |e 20100302  |h 304.609495 ΚΟΤ  |p 005400032567  |q 005400032567  |t BK  |y 0 
852 |a INST  |b SAMOS  |c EUDOXUS  |e 20130521  |h 304.609495 ΚΟΤ  |p 005300039907  |q 005300039907  |t EDX  |y 0 
901 |a BIBL3-2013-2 
901 |a BIBL4-2010-1 
901 |a BIBL1-2010-1 
901 |a BIBL1-2014-1 
909 |a Σ  |b 178269 
909 |a Ρ  |b 159785 
909 |a Λ  |b 163133 
909 |a Λ  |b 163134 
909 |a Λ  |b 186494 
920 |a ΕΥΔΟΞΟΣ  |b ΠΑΡΑΓΓΕΛΙΑ  |y Λέσβος-ΤΚ  |z 2013-04 
970 |a ΚΟΖΑ  |b ΜΑΡΙΑ  |z 2010/03/02